[Event "Rochefort op 14th"]
[Site "Rochefort"]
[Date "2015.02.24"]
[Round "6"]
[White "Sauvaget, Franck"]
[Black "Marzolf, Bruno"]
[Result "1-0"]
[WhiteElo "1941"]
[BlackElo "2144"]
[PlyCount "61"]
[EventDate "2015.02.21"]
[EventType "swiss"]
[EventRounds "9"]
[EventCountry "FRA"]
[SourceTitle "CBM 165 Extra"]
[Source "ChessBase"]
[SourceDate "2015.04.21"]
[SourceVersion "1"]
[SourceVersionDate "2015.04.21"]
[SourceQuality "1"]

1. g3 f5 2. Bg2 Nf6 3. c4 e6 4. Nc3 Bb4 5. Qc2 Nc6 6. e3 Bxc3 7. Qxc3 a5 8. b3 0-0 9. a3 d6 10. Bb2 e5 11. Ne2 Qe8 12. f4 Qh5 13. b4 axb4 14. axb4 Rxa1+ 15. Bxa1 Ne4 16. Qa3 Re8 17. b5 Nd8 18. fxe5 dxe5 19. Nc3 Nxc3 20. Qxc3 Nf7 21. 0-0 b6 22. c5 Bd7 23. c6 Be6 24. d4 Rd8 25. Bf3 Qh6 26. dxe5 Ng5 27. Bg2 Nh3+ 28. Kh1 Rd5 29. Qa3 Rd2 30. Qe7 Rxg2 31. Qe8# 1-0

[Event "Rochefort op 13th"]
[Site "Rochefort"]
[Date "2014.02.22"]
[Round "9"]
[White "Marzolf, Bruno"]
[Black "Antoli Royo, Joaquin Miguel"]
[Result "0-1"]
[WhiteElo "2221"]
[BlackElo "2413"]
[PlyCount "61"]
[EventDate "2014.02.22"]
[EventType "swiss"]
[EventRounds "9"]
[EventCountry "FRA"]
[SourceTitle "CBM 159 Extra"]
[Source "ChessBase"]
[SourceDate "2014.04.24"]
[SourceVersion "1"]
[SourceVersionDate "2014.04.24"]
[SourceQuality "1"]

1. e4 c5 2. Nf3 d6 3. Bb5+ Nd7 4. d4 cxd4 5. Qxd4 e5 6. Qd3 h6 7. Nc3 Ngf6 8. Be3 a6 9. Bc4 Qc7 10. 0-0 Be7 11. a4 Nc5 12. Bxc5 Qxc5 13. Nd2 0-0 14. Bd5 Rb8 15. a5 Be6 16. Nb3 Qc7 17. Ra4 Qd7 18. Rb4 Rfc8 19. Rd1 Rc7 20. Rd2 Rbc8 21. f3 h5 22. g3 h4 23. Re2 Nh5 24. Kf2 hxg3+ 25. hxg3 Bh4 26. Bxe6 Qxe6 27. Nd5 Bxg3+ 28. Kg1 Nf4 29. Nxf4 Bxf4 30. Rg2 Qh6 31. Re2 0-1

[Event "Cap d'Agde CCAS op"]
[Site "Cap d'Agde"]
[Date "2013.10.30"]
[Round "6"]
[White "Marzolf, Bruno"]
[Black "Pile, Richard"]
[Result "0-1"]
[WhiteElo "2265"]
[BlackElo "2393"]
[PlyCount "66"]
[EventDate "2013.10.26"]
[EventType "swiss"]
[EventRounds "9"]
[EventCountry "FRA"]
[SourceTitle "EXT 2016"]
[Source "ChessBase"]
[SourceDate "2015.10.08"]
[SourceVersion "1"]
[SourceVersionDate "2015.10.08"]
[SourceQuality "1"]

1. Nf3 c5 2. c4 Nf6 3. Nc3 b6 4. g3 Bb7 5. Bg2 e6 6. 0-0 Be7 7. d4 cxd4 8. Qxd4 Nc6 9. Qf4 0-0 10. Rd1 Qb8 11. Qxb8 Raxb8 12. Bf4 Rbc8 13. Bd6 Bxd6 14. Rxd6 Rfd8 15. Rad1 Kf8 16. Ng5 Ke7 17. R6d2 Na5 18. Bxb7 Nxb7 19. Rd4 Na5 20. b3 d5 21. Nb5 a6 22. Na3 h6 23. Nf3 Nc6 24. R4d2 Ne4 25. Rd3 Nb4 26. Re3 Nxa2 27. Rd4 Nf6 28. Ne5 Nb4 29. cxd5 Nfxd5 30. Rf3 f6 31. Nd3 Nc6 32. Rc4 b5 33. Rh4 Nc3 0-1

[Event "Saint Affrique op 19th"]
[Site "Saint Affrique"]
[Date "2011.07.29"]
[Round "7"]
[White "Crouan, Stephane"]
[Black "Marzolf, Bruno"]
[Result "1/2-1/2"]
[WhiteElo "2198"]
[BlackElo "2265"]
[PlyCount "95"]
[EventDate "2011.07.23"]
[EventType "swiss"]
[EventRounds "9"]
[EventCountry "FRA"]
[SourceTitle "CBM 143 Extra"]
[Source "ChessBase"]
[SourceDate "2011.08.29"]
[SourceVersion "1"]
[SourceVersionDate "2011.08.29"]
[SourceQuality "1"]

1. d4 d5 2. Nf3 Nc6 3. Bf4 Bg4 4. e3 e6 5. c4 Bb4+ 6. Nc3 Nf6 7. Rc1 0-0 8. h3 Bxf3 9. Qxf3 Bxc3+ 10. Rxc3 Qe7 11. Bg5 Qb4 12. Bxf6 Qxb2 13. Rb3 Qa1+ 14. Qd1 Qxd1+ 15. Kxd1 dxc4 16. Rxb7 gxf6 17. Kc2 Rab8 18. Rxb8 Rxb8 19. Bxc4 Na5 20. Bd3 c5 21. dxc5 Rc8 22. Kd2 Rxc5 23. Rc1 Nb7 24. Rxc5 Nxc5 25. Bc2 Kf8 26. Kc3 f5 27. Kc4 Nd7 28. Kb5 Nb8 29. Kc5 Ke7 30. a3 Kd7 31. Ba4+ Kc7 32. Be8 f6 33. Bb5 Nd7+ 34. Bxd7 Kxd7 35. Kb5 Kc7 36. Ka6 Kb8 37. g4 fxg4 38. hxg4 e5 39. f3 Ka8 40. a4 Kb8 41. a5 Ka8 42. Kb5 Kb7 43. a6+ Kc7 44. Kc5 Kd7 45. Kd5 h6 46. f4 exf4 47. exf4 Ke7 48. f5 1/2-1/2

[Event "Saint Affrique op 19th"]
[Site "Saint Affrique"]
[Date "2011.07.25"]
[Round "4"]
[White "Marzolf, Bruno"]
[Black "Karpatchev, Aleksandr"]
[Result "0-1"]
[WhiteElo "2265"]
[BlackElo "2485"]
[PlyCount "78"]
[EventDate "2011.07.23"]
[EventType "swiss"]
[EventRounds "9"]
[EventCountry "FRA"]
[SourceTitle "CBM 143 Extra"]
[Source "ChessBase"]
[SourceDate "2011.08.29"]
[SourceVersion "1"]
[SourceVersionDate "2011.08.29"]
[SourceQuality "1"]

1. e4 e5 2. Nf3 Nc6 3. Bb5 a6 4. Ba4 Nge7 5. Nc3 d6 6. d3 b5 7. Bb3 Na5 8. 0-0 Nxb3 9. axb3 c6 10. d4 Ng6 11. Be3 Be7 12. dxe5 dxe5 13. Qxd8+ Kxd8 14. Bb6+ Ke8 15. Rfd1 f6 16. Ne1 Nf4 17. Nd3 Nxd3 18. Rxd3 Be6 19. Rad1 Kf7 20. Bc7 Rhc8 21. Bd6 a5 22. Bxe7 Kxe7 23. f3 Rd8 24. Rxd8 Rxd8 25. Rxd8 Kxd8 26. Kf2 Kc7 27. Ke3 Kb6 28. Ne2 c5 29. Nc1 c4 30. bxc4 Bxc4 31. c3 a4 32. g3 g5 33. f4 g4 34. fxe5 fxe5 35. Kd2 Kc5 36. Ke3 b4 37. cxb4+ Kxb4 38. Kd2 Kc5 39. Kc3 h6 0-1

[Event "Rennes op 3th"]
[Site "Rennes"]
[Date "2010.07.21"]
[Round "6"]
[White "Civit, Pierre"]
[Black "Marzolf, Bruno"]
[Result "0-1"]
[WhiteElo "1862"]
[BlackElo "2264"]
[PlyCount "92"]
[EventDate "2010.07.17"]
[EventType "swiss"]
[EventRounds "9"]
[EventCountry "FRA"]
[SourceTitle "EXT 2011"]
[Source "ChessBase"]
[SourceDate "2010.11.26"]
[SourceVersion "1"]
[SourceVersionDate "2010.11.26"]
[SourceQuality "1"]

1. c4 e5 2. g3 Nf6 3. Bg2 Nc6 4. Nc3 g6 5. e3 Bg7 6. Nge2 0-0 7. 0-0 d6 8. d4 Re8 9. h3 exd4 10. exd4 Bf5 11. Be3 h5 12. Nf4 Qd7 13. Kh2 a6 14. a3 Ne4 15. Rc1 Nxc3 16. Rxc3 Be4 17. f3 Bf5 18. g4 hxg4 19. hxg4 Rxe3 20. Rxe3 Bxd4 21. Nd5 Kg7 22. gxf5 Rh8+ 23. Kg3 gxf5 24. f4 Rh6 25. Rh1 Rg6+ 26. Kf2 Rg4 27. Bf3 Rg6 28. Rg1 Qd8 29. Rxg6+ fxg6 30. Ke2 Bxe3 31. Kxe3 g5 32. fxg5 Qxg5+ 33. Kf2 Qh4+ 34. Ke3 Ne5 35. Qg1+ Kf8 36. b3 Qd4+ 37. Kxd4 Nxf3+ 38. Ke3 Nxg1 39. Kf4 Ne2+ 40. Kxf5 Nd4+ 41. Ke4 Nxb3 42. Nxc7 Ke7 43. Kd5 Nc5 44. Na8 Na4 45. Nc7 Kd7 46. Na8 b6 0-1

[Event "FRA-chT2 0910"]
[Site "France"]
[Date "2009.10.18"]
[Round "3.1"]
[White "Bissieres, Mathieu"]
[Black "Marzolf, Bruno"]
[Result "1/2-1/2"]
[WhiteElo "2317"]
[BlackElo "2242"]
[PlyCount "39"]
[EventDate "2009.09.27"]
[EventType "team-tourn"]
[EventRounds "11"]
[EventCountry "FRA"]
[SourceTitle "EXT 2011"]
[Source "ChessBase"]
[SourceDate "2010.11.26"]
[SourceVersion "1"]
[SourceVersionDate "2010.11.26"]
[SourceQuality "1"]

1. e4 e5 2. Nf3 Nc6 3. Bb5 a6 4. Bxc6 dxc6 5. 0-0 Ne7 6. d4 exd4 7. Nxd4 Ng6 8. Be3 Bd6 9. f4 0-0 10. c3 Re8 11. Nd2 c5 12. Ne2 b6 13. Ng3 Bb7 14. Qc2 f6 15. Rad1 Qc8 16. h3 Bc6 17. b4 cxb4 18. cxb4 Bb5 19. Rf2 Qd7 20. Nc4 1/2-1/2

[Event "FRA-chT2 East 0809"]
[Site "France"]
[Date "2009.04.04"]
[Round "10.4"]
[White "Carrillo, Jesus"]
[Black "Marzolf, Bruno"]
[Result "0-1"]
[WhiteElo "2152"]
[BlackElo "2220"]
[PlyCount "70"]
[EventDate "2008.10.19"]
[EventType "team-tourn"]
[EventRounds "11"]
[EventCountry "FRA"]
[SourceTitle "EXT 2010"]
[Source "ChessBase"]
[SourceDate "2010.11.25"]
[SourceVersion "1"]
[SourceVersionDate "2010.11.25"]
[SourceQuality "1"]
[WhiteTeam "Metz Fischer II"]
[BlackTeam "Gambsheim"]
[WhiteTeamCountry "FRA"]
[BlackTeamCountry "FRA"]

1. e4 e5 2. Bc4 Nf6 3. d3 Nc6 4. Nf3 Bc5 5. c3 a6 6. Bb3 Ba7 7. 0-0 0-0 8. Bg5 d6 9. Nbd2 Qe7 10. Nc4 h6 11. Bh4 Be6 12. Ne3 Rfe8 13. Nd5 Bxd5 14. Bxd5 Nd8 15. Qd2 c6 16. Bb3 Ne6 17. Rae1 Nf8 18. h3 Ng6 19. Bg3 Nh5 20. Bh2 Qf6 21. d4 Nhf4 22. dxe5 dxe5 23. Qd7 Rad8 24. Qf5 Nd3 25. Re2 Ngf4 26. Rd2 Qxf5 27. exf5 e4 28. Bxf4 Nxf4 29. Rxd8 Rxd8 30. Ne5 Rd2 31. Nxf7 Kf8 32. Ne5 Rxb2 33. Ng6+ Nxg6 34. fxg6 Ke7 35. g4 Kf6 0-1

[Event "FRA-chT2 East 0809"]
[Site "France"]
[Date "2009.03.14"]
[Round "8.4"]
[White "Marzolf, Bruno"]
[Black "Cao, Philippe"]
[Result "1-0"]
[WhiteElo "2220"]
[BlackElo "1970"]
[PlyCount "44"]
[EventDate "2008.10.19"]
[EventType "team-tourn"]
[EventRounds "11"]
[EventCountry "FRA"]
[SourceTitle "EXT 2010"]
[Source "ChessBase"]
[SourceDate "2010.11.25"]
[SourceVersion "1"]
[SourceVersionDate "2010.11.25"]
[SourceQuality "1"]
[WhiteTeam "Gambsheim"]
[BlackTeam "Besancon TPG II"]
[WhiteTeamCountry "FRA"]
[BlackTeamCountry "FRA"]

1. e4 c5 2. Nf3 Nc6 3. Bb5 d6 4. Bxc6+ bxc6 5. 0-0 e5 6. c3 f5 7. exf5 Bxf5 8. d4 cxd4 9. cxd4 e4 10. Qc2 Rc8 11. Nc3 d5 12. Bf4 Be7 13. Ne5 Nf6 14. Rac1 0-0 15. Na4 Bd6 16. Nc5 Qc7 17. Qd2 Ng4 18. Nxg4 Bxg4 19. Bxd6 Qxd6 20. Rc3 Rf6 21. Rg3 Bf5 22. Qg5 Bg6 1-0

[Event "FRA-chT2 East 0809"]
[Site "France"]
[Date "2009.02.08"]
[Round "7.6"]
[White "Duchateau, Thomas"]
[Black "Marzolf, Bruno"]
[Result "0-1"]
[WhiteElo "2075"]
[BlackElo "2220"]
[PlyCount "132"]
[EventDate "2008.10.19"]
[EventType "team-tourn"]
[EventRounds "11"]
[EventCountry "FRA"]
[SourceTitle "EXT 2010"]
[Source "ChessBase"]
[SourceDate "2010.11.25"]
[SourceVersion "1"]
[SourceVersionDate "2010.11.25"]
[SourceQuality "1"]
[WhiteTeam "Mundolsheim"]
[BlackTeam "Gambsheim"]
[WhiteTeamCountry "FRA"]
[BlackTeamCountry "FRA"]

1. d4 d5 2. c4 Nc6 3. Nf3 Bg4 4. e3 e6 5. Nc3 Nf6 6. Be2 Bb4 7. 0-0 0-0 8. h3 Bh5 9. Bd2 dxc4 10. Rc1 Qe7 11. Nb1 Ne4 12. Rxc4 Nxd2 13. Nbxd2 Rad8 14. a3 Bxd2 15. Nxd2 Bxe2 16. Qxe2 e5 17. dxe5 Nxe5 18. Rc2 Rd5 19. Nf3 Rfd8 20. Rcc1 Nd3 21. Rcd1 c5 22. Qc2 b5 23. b3 h6 24. Nd4 cxd4 25. Rxd3 dxe3 26. Rxd5 exf2+ 27. Qxf2 Rxd5 28. Re1 Qxa3 29. Re8+ Kh7 30. Qxf7 Qc5+ 31. Kh2 Qd6+ 32. Kg1 Rd1+ 33. Kf2 Qd4+ 34. Kg3 Rd3+ 35. Kh2 Qd6+ 36. Kg1 Rd1+ 37. Kf2 Qd5 38. Qxd5 Rxd5 39. Re7 a5 40. Ra7 Rd3 41. Rxa5 Rxb3 42. Ra6 Rc3 43. Rb6 Rc5 44. g4 h5 45. Kg3 hxg4 46. hxg4 g5 47. Kf3 Re5 48. Rd6 Kg7 49. Rd7+ Kf6 50. Rd6+ Ke7 51. Rd4 Ke6 52. Rd8 Rd5 53. Rb8 Ke5 54. Re8+ Kd4 55. Rb8 Re5 56. Rf8 b4 57. Rd8+ Kc4 58. Rc8+ Kb3 59. Rf8 Kc4 60. Rc8+ Rc5 61. Rb8 b3 62. Ke2 Kc3 63. Kd1 b2 64. Rb7 Rc4 65. Rb8 Rd4+ 66. Ke2 Rb4 0-1

[Event "Metz op 26th"]
[Site "Metz"]
[Date "2008.04.25"]
[Round "7"]
[White "Lersy, Xavier"]
[Black "Marzolf, Bruno"]
[Result "0-1"]
[WhiteElo "2008"]
[BlackElo "2214"]
[PlyCount "62"]
[EventDate "2008.04.19"]
[EventType "swiss"]
[EventRounds "9"]
[EventCountry "FRA"]
[SourceTitle "CBM 123 Extra"]
[Source "ChessBase"]
[SourceDate "2008.05.06"]
[SourceVersion "1"]
[SourceVersionDate "2008.05.06"]
[SourceQuality "1"]

1. c4 e5 2. Nc3 Nf6 3. g3 d5 4. cxd5 Nxd5 5. Bg2 Nb6 6. d3 Be7 7. Nf3 Nc6 8. 0-0 0-0 9. b3 Be6 10. Bb2 f5 11. Rc1 Bf6 12. Nd2 Bd7 13. Qc2 Nd4 14. Qb1 Bc6 15. Bxc6 Nxc6 16. Nc4 Qd7 17. Rfd1 Rad8 18. Nxb6 axb6 19. Nb5 f4 20. Qc2 Rf7 21. Qc4 Kh8 22. b4 Bg5 23. Ra1 Rdf8 24. Qe4 fxg3 25. fxg3 Qh3 26. Qg2 Be3+ 27. Kh1 Qc8 28. Rf1 Rf2 29. Rxf2 Rxf2 30. Qxf2 Bxf2 31. Rf1 Bd4 0-1

[Event "Metz op 26th"]
[Site "Metz"]
[Date "2008.04.23"]
[Round "5"]
[White "Marzolf, Bruno"]
[Black "Alif, Francis"]
[Result "1-0"]
[WhiteElo "2214"]
[BlackElo "1783"]
[PlyCount "45"]
[EventDate "2008.04.19"]
[EventType "swiss"]
[EventRounds "9"]
[EventCountry "FRA"]
[SourceTitle "CBM 123 Extra"]
[Source "ChessBase"]
[SourceDate "2008.05.06"]
[SourceVersion "1"]
[SourceVersionDate "2008.05.06"]
[SourceQuality "1"]

1. d4 Nf6 2. Nc3 d5 3. Bg5 e6 4. e4 dxe4 5. Nxe4 Be7 6. Bxf6 gxf6 7. Nf3 Bd7 8. Bc4 Nc6 9. Qe2 f5 10. Ng3 Na5 11. d5 Nxc4 12. Qxc4 Bf6 13. 0-0-0 b5 14. Qe2 Qe7 15. Rhe1 Qb4 16. c3 Qa4 17. Nh5 Bd8 18. dxe6 Bxe6 19. Ng7+ Kf8 20. Nxe6+ fxe6 21. Qxe6 Qf4+ 22. Kb1 Rg8 23. Rxd8+ 1-0

[Event "Metz op 26th"]
[Site "Metz"]
[Date "2008.04.21"]
[Round "3"]
[White "Marzolf, Bruno"]
[Black "Haub, Thorsten Michael"]
[Result "0-1"]
[WhiteElo "2214"]
[BlackElo "2467"]
[PlyCount "102"]
[EventDate "2008.04.19"]
[EventType "swiss"]
[EventRounds "9"]
[EventCountry "FRA"]
[SourceTitle "CBM 123 Extra"]
[Source "ChessBase"]
[SourceDate "2008.05.06"]
[SourceVersion "1"]
[SourceVersionDate "2008.05.06"]
[SourceQuality "1"]

1. d4 f5 2. Nc3 Nf6 3. Bg5 e6 4. e4 fxe4 5. Nxe4 Be7 6. Bxf6 Bxf6 7. Nf3 Qe7 8. Bd3 Nc6 9. c3 d6 10. Qc2 Bd7 11. 0-0-0 0-0-0 12. Rhe1 g5 13. Re2 g4 14. Nfd2 Bg7 15. Kb1 Kb8 16. f4 Qf7 17. g3 h6 18. Rf2 Ne7 19. Nf1 Nf5 20. Re1 Rhf8 21. Qe2 Rg8 22. Ned2 Bh8 23. Nc4 Rde8 24. Qc2 h5 25. Rfe2 Bc6 26. Nfe3 Bf3 27. Rf2 h4 28. Nf1 Ka8 29. Ncd2 Bc6 30. Rfe2 a6 31. a3 h3 32. Ne3 Nxe3 33. Rxe3 Bf6 34. Bc4 d5 35. Bd3 Qd7 36. Ka2 Re7 37. Nb3 Ba4 38. Qe2 Bxb3+ 39. Kxb3 c5 40. dxc5 d4 41. Rxe6 dxc3 42. Rxe7 Bxe7 43. Bc4 Rg7 44. Qe5 Qd2 45. bxc3 Bxc5 46. Qxg7 Qxe1 47. Qxg4 Qb1+ 48. Ka4 Ka7 49. Qd7 Qb2 50. Bxa6 Kxa6 51. Qe6+ Ka7 0-1

[Event "FRA-chT1B 0708"]
[Site "France"]
[Date "2008.04.05"]
[Round "10.3"]
[White "Marzolf, Bruno"]
[Black "Pieroni, Guillaume"]
[Result "0-1"]
[WhiteElo "2252"]
[BlackElo "2228"]
[PlyCount "76"]
[EventDate "2007.10.21"]
[EventType "team"]
[EventRounds "11"]
[EventCountry "FRA"]
[SourceTitle "EXT 2009"]
[Source "ChessBase"]
[SourceDate "2008.11.26"]
[SourceVersion "1"]
[SourceVersionDate "2008.11.26"]
[SourceQuality "1"]
[WhiteTeam "Gambsheim"]
[BlackTeam "Avignon"]
[WhiteTeamCountry "FRA"]
[BlackTeamCountry "FRA"]

1. d4 e6 2. Nc3 d5 3. e4 Bb4 4. e5 c5 5. a3 Bxc3+ 6. bxc3 Ne7 7. h4 Bd7 8. Rb1 Qc7 9. Nf3 Ba4 10. Bd3 Nbc6 11. h5 h6 12. Rh4 c4 13. Be2 0-0-0 14. Rf4 Rdf8 15. Bd2 Kb8 16. Rg4 Rfg8 17. Qc1 a6 18. Kf1 Na7 19. g3 Nb5 20. Ne1 Nc6 21. Ng2 Qe7 22. Ne3 g5 23. hxg6 fxg6 24. Rh4 h5 25. Kg2 Rf8 26. Nd1 Qh7 27. Bg5 Rf5 28. f4 Rhf8 29. Qd2 Qc7 30. g4 hxg4 31. Bxg4 Rxg5 32. fxg5 Qf7 33. Be2 Qf5 34. Rc1 Nxa3 35. Ra1 Bxc2 36. Rxa3 Bxd1 37. Qxd1 Qf2+ 38. Kh3 Qe3+ 0-1

[Event "FRA-chT1B 0708"]
[Site "France"]
[Date "2008.03.16"]
[Round "9.4"]
[White "Renaze, Luc"]
[Black "Marzolf, Bruno"]
[Result "1-0"]
[WhiteElo "2332"]
[BlackElo "2252"]
[PlyCount "189"]
[EventDate "2007.10.21"]
[EventType "team"]
[EventRounds "11"]
[EventCountry "FRA"]
[SourceTitle "EXT 2009"]
[Source "ChessBase"]
[SourceDate "2008.11.26"]
[SourceVersion "1"]
[SourceVersionDate "2008.11.26"]
[SourceQuality "1"]
[WhiteTeam "Lyon Olympique"]
[BlackTeam "Gambsheim"]
[WhiteTeamCountry "FRA"]
[BlackTeamCountry "FRA"]

1. d4 d5 2. c4 e6 3. Nc3 Be7 4. Nf3 Nf6 5. Bg5 h6 6. Bh4 0-0 7. e3 b6 8. Bd3 Bb7 9. 0-0 Nbd7 10. cxd5 Nxd5 11. Bxe7 Qxe7 12. Nxd5 exd5 13. Rc1 c5 14. dxc5 bxc5 15. Re1 Nf6 16. Bf5 Bc8 17. Qc2 Rb8 18. b3 Bxf5 19. Qxf5 Rfe8 20. h3 g6 21. Qd3 Red8 22. Rc2 Rb4 23. Rec1 c4 24. bxc4 dxc4 25. Qe2 Rdb8 26. Rxc4 Rb2 27. R4c2 Qa3 28. Nd4 Qxa2 29. Qf3 Rxc2 30. Rxc2 Qa1+ 31. Kh2 Rb6 32. Rc7 Qa2 33. Qa8+ Kg7 34. Qxa7 Qxa7 35. Rxa7 Rb2 36. Ne6+ Kg8 37. Ra8+ Kh7 38. Rf8 fxe6 39. Rxf6 Kg7 40. Rf3 e5 41. g4 Re2 42. Kg2 Re1 43. h4 Ra1 44. h5 Ra4 45. Kg3 e4 46. Rf4 g5 47. Rf5 Rb4 48. Rd5 Rb6 49. Rd7+ Kg8 50. Re7 Rb4 51. Re6 Kg7 52. Rg6+ Kh7 53. Rd6 Rb7 54. Rd4 Re7 55. Rc4 Kg7 56. Kg2 Kf6 57. Rc6+ Kg7 58. Kf1 Ra7 59. Rc4 Re7 60. Ke2 Kf6 61. Rc6+ Kg7 62. Ra6 Rb7 63. Ra4 Re7 64. f3 exf3+ 65. Kxf3 Re6 66. Ra7+ Kg8 67. Rd7 Re5 68. Ke2 Re4 69. Rd4 Re6 70. Kd3 Kg7 71. Rd7+ Kf6 72. Rh7 Ke5 73. Rf7 Rd6+ 74. Ke2 Ra6 75. Kf3 Re6 76. Rf5+ Kd6 77. Ra5 Ke7 78. Rd5 Kf7 79. e4 Ra6 80. e5 Ra4 81. Rd6 Rf4+ 82. Kg3 Re4 83. Rf6+ Kg7 84. Re6 Re3+ 85. Kf2 Re4 86. Kf3 Rf4+ 87. Kg3 Re4 88. Re7+ Kf8 89. Rh7 Rxe5 90. Rxh6 Re3+ 91. Kf2 Re4 92. Kf3 Rf4+ 93. Kg3 Ra4 94. Rf6+ Kg7 95. Rg6+ 1-0

[Event "FRA-chT1B 0708"]
[Site "France"]
[Date "2008.02.10"]
[Round "7.6"]
[White "Marzolf, Bruno"]
[Black "Garbarino, Xavier"]
[Result "0-1"]
[WhiteElo "2252"]
[BlackElo "2260"]
[PlyCount "73"]
[EventDate "2007.10.21"]
[EventType "team"]
[EventRounds "11"]
[EventCountry "FRA"]
[SourceTitle "EXT 2009"]
[Source "ChessBase"]
[SourceDate "2008.11.26"]
[SourceVersion "1"]
[SourceVersionDate "2008.11.26"]
[SourceQuality "1"]
[WhiteTeam "Gambsheim"]
[BlackTeam "Grasse"]
[WhiteTeamCountry "FRA"]
[BlackTeamCountry "FRA"]

1. e4 Nc6 2. Nf3 d6 3. d4 Nf6 4. Nc3 Bg4 5. Bb5 a6 6. Bxc6+ bxc6 7. h3 Bh5 8. Qe2 e6 9. g4 Bg6 10. Nh4 d5 11. Nxg6 hxg6 12. Bg5 Qb8 13. 0-0-0 Bb4 14. Bxf6 Bxc3 15. bxc3 gxf6 16. Qf3 Ke7 17. Rde1 Qb5 18. Qf4 Qa5 19. e5 f5 20. Kd2 c5 21. gxf5 gxf5 22. Re3 cxd4 23. Qxd4 Rh5 24. Qb4+ Qxb4 25. cxb4 Rh4 26. a3 Rah8 27. Rc3 Kd7 28. Rg3 R8h5 29. Rf3 Kc6 30. Rc3+ Kb6 31. Rg3 Rh7 32. Rh2 c5 33. c3 Kb5 34. Kd3 f4 35. Rf3 R7h5 36. Rh1 Rxe5 37. bxc5 0-1

[Event "Chambery op 13th"]
[Site "Chambery"]
[Date "2007.07.31"]
[Round "4"]
[White "Campos Moreno, Javier B"]
[Black "Marzolf, Bruno"]
[Result "1-0"]
[WhiteElo "2446"]
[BlackElo "2254"]
[PlyCount "91"]
[EventDate "2007.07.28"]
[EventType "swiss"]
[EventRounds "9"]
[EventCountry "FRA"]
[SourceTitle "CBM 119 Extra"]
[Source "ChessBase"]
[SourceDate "2007.09.04"]
[SourceVersion "1"]
[SourceVersionDate "2007.09.04"]
[SourceQuality "1"]

1. d4 d5 2. c4 e6 3. Nf3 Nf6 4. Nc3 Be7 5. Bg5 h6 6. Bh4 0-0 7. e3 b6 8. Bd3 Nbd7 9. 0-0 Bb7 10. Qe2 dxc4 11. Bxc4 Ne4 12. Bg3 Nxc3 13. bxc3 c5 14. e4 Nf6 15. Bd3 Qc8 16. Rad1 Re8 17. Rfe1 Bf8 18. Ne5 a6 19. Qe3 Ra7 20. a4 Ba8 21. Rb1 Qd8 22. Red1 Be7 23. Qe2 cxd4 24. cxd4 Rf8 25. Bc2 Rc7 26. f3 Nh5 27. Bb3 Nxg3 28. hxg3 Ra7 29. f4 Bf6 30. Nf3 Bc6 31. Kh2 Qa8 32. Bc2 b5 33. d5 exd5 34. exd5 Bxd5 35. Qd3 Rd8 36. Qh7+ Kf8 37. Re1 g6 38. Nh4 Bg7 39. Bxg6 fxg6 40. Nxg6+ Kf7 41. Re5 Rd6 42. Nh4 Rf6 43. Nf5 Rg6 44. Nxg7 Rxg7 45. Qf5+ Kg8 46. Rxd5 1-0

[Event "Metz op 25th"]
[Site "Metz"]
[Date "2007.04.19"]
[Round "6"]
[White "Gladyszev, Oleg"]
[Black "Marzolf, Bruno"]
[Result "1-0"]
[WhiteElo "2485"]
[BlackElo "2259"]
[PlyCount "59"]
[EventDate "2007.04.14"]
[EventType "swiss"]
[EventRounds "9"]
[EventCountry "FRA"]
[SourceTitle "CBM 117 Extra"]
[Source "ChessBase"]
[SourceDate "2007.05.09"]
[SourceVersion "1"]
[SourceVersionDate "2007.05.09"]
[SourceQuality "1"]

1. d4 d5 2. c4 Nc6 3. Nf3 Bg4 4. Nc3 Bxf3 5. exf3 e6 6. cxd5 exd5 7. Bb5 Qd6 8. 0-0 0-0-0 9. Be3 Nge7 10. Rc1 Qb4 11. Qd2 a6 12. a3 Qd6 13. Bd3 Qf6 14. Ne2 h6 15. Qc2 g5 16. b4 Bg7 17. Rb1 Rd6 18. Rfc1 Kb8 19. a4 Rc8 20. b5 axb5 21. axb5 Na5 22. Bd2 Nc4 23. Bb4 Re6 24. Bxc4 dxc4 25. Qxc4 Nd5 26. Qxd5 Rxe2 27. Qc4 Ree8 28. Bc5 Qe6 29. Qa4 b6 30. Ra1 1-0

[Event "Metz op 25th"]
[Site "Metz"]
[Date "2007.04.15"]
[Round "2"]
[White "Sikula, Vaszilij"]
[Black "Marzolf, Bruno"]
[Result "1-0"]
[WhiteElo "2536"]
[BlackElo "2259"]
[PlyCount "99"]
[EventDate "2007.04.14"]
[EventType "swiss"]
[EventRounds "9"]
[EventCountry "FRA"]
[SourceTitle "CBM 117 Extra"]
[Source "ChessBase"]
[SourceDate "2007.05.09"]
[SourceVersion "1"]
[SourceVersionDate "2007.05.09"]
[SourceQuality "1"]

1. e4 e5 2. Nf3 Nc6 3. Bc4 Nf6 4. d3 Bc5 5. c3 a6 6. 0-0 Ba7 7. Bb3 d6 8. Nbd2 0-0 9. h3 h6 10. Re1 Nh5 11. Nf1 Qf6 12. Be3 Nf4 13. Ng3 g5 14. Nh2 Qg6 15. d4 Kh8 16. Bc2 Ne7 17. Qf3 f6 18. Kh1 Bd7 19. Rad1 Bc6 20. Rd2 Qh7 21. b4 Neg6 22. Nf5 Ne7 23. Nxe7 Qxe7 24. Nf1 Bd7 25. Ng3 Qh7 26. Nf5 Rg8 27. c4 Bc6 28. d5 Be8 29. Bxa7 Rxa7 30. Qe3 Ra8 31. c5 Bd7 32. Ng3 h5 33. Nf1 h4 34. f3 Bb5 35. Nh2 Rac8 36. c6 bxc6 37. a4 Bc4 38. Qc3 Ba2 39. Ra1 cxd5 40. Rxa2 d4 41. Qc4 Rb8 42. a5 Qe7 43. g4 Kg7 44. Ra4 c5 45. bxc5 dxc5 46. Qxa6 Rb2 47. Qc4 d3 48. Bb3 Rb1+ 49. Rd1 Rxd1+ 50. Bxd1 1-0

[Event "FRA-chT2 East 0607"]
[Site "France"]
[Date "2007.03.31"]
[Round "10.4"]
[White "Marzolf, Bruno"]
[Black "Lauferon, Patrick"]
[Result "1/2-1/2"]
[WhiteElo "2244"]
[BlackElo "2235"]
[PlyCount "50"]
[EventDate "2006.10.15"]
[EventType "team"]
[EventRounds "11"]
[EventCountry "FRA"]
[SourceTitle "EXT 2008"]
[Source "ChessBase"]
[SourceDate "2007.11.25"]
[SourceVersion "1"]
[SourceVersionDate "2007.11.25"]
[SourceQuality "1"]
[WhiteTeam "Gambsheim"]
[BlackTeam "Gueugnon"]
[WhiteTeamCountry "FRA"]
[BlackTeamCountry "FRA"]

1. e4 e6 2. d4 d5 3. Nc3 Bb4 4. e5 c5 5. a3 Bxc3+ 6. bxc3 Ne7 7. h4 Nbc6 8. Nf3 h6 9. h5 Bd7 10. Rh4 Qa5 11. Bd2 0-0-0 12. Rf4 Rdf8 13. Rb1 c4 14. Qc1 f6 15. exf6 Qc7 16. Be2 Be8 17. Rh4 e5 18. Nxe5 Nxe5 19. dxe5 g5 20. Rh3 Nf5 21. Be3 Nxe3 22. Rxe3 Rh7 23. Bg4+ Bd7 24. Qb2 Rhf7 25. f3 Re8 1/2-1/2